| 000 | 00792nam a22001337a 4500 | ||
|---|---|---|---|
| 040 | _cRUA | ||
| 082 | _aFOR YOU 2012 B142 Or.1 | ||
| 100 | _aYOU, RATHA. | ||
| 245 | _aEffectiveness of forest management in kampong cham troy sdoam forestry administration division of kampong cham forestry administration cantonment, ប្រសិទ្ធភាពនៃការគ្រប់គ្រងព្រៃឈើក្នុងផ្នែករដ្នបាលព្រៃឈើកំពង់ចាមត្រើយស្ដាំ ខណ្ឌរដ្ឋបាល ព្រៃឈើកំពង់ចាម | ||
| 260 |
_aPhnom Penh _bRUA _c2012 |
||
| 300 |
_aix; 54p. _bill. _c29cm. |
||
| 856 | _uhttps://drive.google.com/file/d/1QfYoldXld4L-IwL1HvoBjBRuiR_LMiEs/view?usp=sharing | ||
| 942 | _cFOR | ||
| 999 |
_c3436 _d3436 |
||